Normal view
MARC view
- Semaan, Elie
Entry Personal Name
001 - CONTROL NUMBER
- control field: 100498
003 - CONTROL NUMBER IDENTIFIER
- control field: NUST
005 - DATE AND TIME OF LATEST TRANSACTION
- control field: 20221017134819.0
008 - FIXED-LENGTH DATA ELEMENTS
- fixed length control field: 221017|| aca||aabn | a|a d
040 ## - CATALOGING SOURCE
- Original cataloging agency: NUST
- Transcribing agency: NUST
100 ## - HEADING--PERSONAL NAME
- Personal name: Semaan, Elie
670 ## - SOURCE DATA FOUND
- Source citation: Work cat.: (NUST)179456: Rob, Peter. 18089, Databases : , 2004.
